| 000 | 00500nam a2200109Ia 4500 | ||
|---|---|---|---|
| 008 | 160909s9999 xx 000 0 und d | ||
| 100 | _aNance-Floyd, Betty | ||
| 245 | 2 | _aA qualitative study to understand the perception of illness and the decision making process for accessing and utilizing health care for American Indians in Southeastern, NC | |
| 260 |
_bThe University of North Carolina at Greensboro _c2016 |
||
| 650 | _aNursing | ||
| 856 | _uhttp://pqdtopen.proquest.com/doc/1795569225.html?FMT=ABS | ||
| 999 |
_c303902 _d303902 |
||